000 00381nam a2200145Ia 4500
008 230711s9999||||xx |||||||||||||| ||und||
041 _aENG
082 _a621.3
_bWA-E
100 _aWarnes,Lionel
245 0 _aElectronics and Electrical Engineering
250 _a1st
260 _c1995
_aNew Delhi
_bMacMillan Publications Pvt.Ltd
650 _aElectrical Engineering
942 _cBK
999 _c3074
_d3074